| 000 | 00448nam a2200181Ia 4500 | ||
|---|---|---|---|
| 003 | GCL | ||
| 008 | 140319s9999 xx 000 0 eng d | ||
| 040 |
_aGCL / _cGCL |
||
| 082 | 0 | 4 |
_aCH _b372.7 _bP O |
| 100 | 1 | _aPETER HADDOCH LTD | |
| 245 | 1 | 0 |
_a1-2-3 / _cPETER HADDOCH LTD |
| 700 | 1 | _aPETER HADDOCK LTD | |
| 260 |
_a[S.N] : _bPETER HODDOCK PUBLISHING |
||
| 650 | 0 | 4 | _aCHILDREN |
| 650 | 0 | 4 | _aLEARNING |
| 650 | 0 | 4 | _aMATHEMATICS |
| 942 |
_2ddc _cBK |
||
| 999 |
_c15058 _d15058 |
||